000 00994nam0a22002291 4500
001 rc\4740454
005 20260406202804.0
035 _a(NLR Aleph) 008452377
090 _a7817586
_c7817586
100 _a20130416a19639999|||y0rusy50 ca
101 0 _arus
102 _aRU
105 _ay z |||||
200 1 _aИнформационное письмо по обмену опытом работы
_e№ 1-
_fЦентр. ком. о-ва Красного Креста РСФСР
210 _aМосква
_cБ. и.
_d1963-
710 0 2 _aОбщество Красного Креста РСФСР
_bЦентральный комитет
_3RU\NLR\AUTH\889962799
_9421904
801 0 _aRU
_bNLR
_gpsbo
801 1 _aRU
_bELAR
_2rusmarc
830 _aПеречень имеющихся в библиотеке томов, номеров, годов этого издания смотри в каталоге периодических изданий
852 _aNLR
_jП49/1018
942 _cBOOK
980 _aNB